Quiz o Węgrzech - Statystyki

Ogólne statystyki
  • Ten quiz został rozwiązany 3 052 razy
  • Średni wynik to 11 z 19
Statystyki odpowiedzi
Wskazówka Odpowiedź % Poprawnych
Stolica Budapeszt
99%
Rzeka przepływająca przez powyższe miasto Dunaj
91%
Imperium, do którego należały Węgry, upadło w 1918 roku Austro-Węgry
87%
Słynna węgierska potrawa na G Gulasz
83%
Słynny wynalazek Ernő Rubika Kostka Rubika
77%
Państwo, przeciwko któremu Węgry zbuntowały się w 1956 Związek Radziecki
77%
Czerwona przyprawa używana do aromatyzowania powyższej Papryka
76%
Premier od 2010 roku, któremu zarzuca się podważanie demokracji Viktor Orbán
70%
Słowo na M, które odnosi się do pochodzenia węgierskiego Madziar
65%
Nazwij inne państwo niż Węgry, w którym mówi się w języku uralskim Finlandia | Estonia
62%
Pasmo górskie częściowo otaczające Nizinę Węgierską Karpaty
61%
Waluta Forint
58%
Duże jezioro w Europie Środkowej Balaton
53%
Wirtuoz fortepianu, który skomponował "Węgierską Rapsodię” Ferenc Liszt
29%
Przywódca Hunów w latach 434–453 p.n.e.nazywany "Biczem Bożym” (stosunek do współczesnych Węgrów jest niejasny) Attyla
28%
Węgiersko-amerykański spekulant walutowy, który jest przedmiotem wielu teorii spiskowych George Soros
23%
Sport drużynowy zdominowany przez Węgry na Letnich Igrzyskach Olimpijskich Piłka wodna
23%
Pierwszy król Węgier Stefan I Święty
23%
Węgiersko-amerykański matematyk uważany za jednego z najbardziej inteligentnych ludzi wszechczasów John von Neumann
7%
Nie znaleziono quizów pasujących do podanych kryteriów
Rozkład punktacji
Procent ludzi z każdym wynikiem
Percentyl według liczby udzielonych odpowiedzi
Twoja historia wyników
Nie rozwiązałeś tego quizu